000 00436nam a22001577a 4500
003 OSt
008 220718b |||||||| |||| 00| 0 eng d
020 _a9789390591145
082 _a631.8
_bSOM/FE
100 _aSOMAN, P
_95231
245 _aFERTIGATION
_b: A NOVEL METHOD OF APPLYING CROP NUTRIENTS
260 _a; NEW DELHI
_b: NEW INDIA PUBLISHING AGENCY
_c2021
300 _aVI + 89
_eTEXT
650 _aFERTIGATION
_95232
942 _cBK
999 _c17533
_d17533